1199 1884 1884 1855 1644 1524 1872 1529 1840 1786 1877 1410 1944 1116 1196 1710 1611 1406 1040 1810 1608 1057 1792 1974 1499 1106 1221 1524 1511 1335 1503 1103 1639 1609 1771 1363 1753 1859 1007 1175 1591 1883 1799 1979 1046 1018 1358 1664 1632 1676 1692 1781 1461 1989 1471 1976 1446 1876 1264 1555 1167 1861 1695 1522 1797 1729 1238 1933 1149 1167 1085 1683 1001 1777 1412 1577 1905 1104 1962 1927 1825 1246 1165 1763 1100 1935 1073 1718 1175 1340 1826 1165 1353 1330 1897 1072 1913 1785 1498 BCNSPRNW ULIB Ver.6.0+V

เปลี่ยนเป็นภาษาไทย

Change to English
 แสดงรายละเอียดบรรณานุกรม
  กลับหน้าหลัก

Brief Record : Get Marc (ISO 2709) : E-mail record : QR code < ปิดหน้าต่าง
LEADER : 00000nam 2200000uu 4500
001    13399123072
003     ULIB
008    140107s2011||||th 000 0 eng d
020    ^a9780323069120 (hardcover : alk. paper)
060    ^aWY159^bW837
245 00 ^aWong's nursing care of infants and children /^c[edited by] Marilyn J. Hockenberry, David Wilson.
246 13 ^aNursing care of infants and children
250    ^a9th ed.
260    ^aSt. Louis, Mo. :^bMosby/Elsevier,^cc2011.
300    ^axxix, 1809 p. :^bill. (chiefly col.) ;^c29 cm.
504    ^aIncludes bibliographical references and index.
650  0 ^aPediatric nursing.
700 1  ^aHockenberry, Marilyn J.
700 1  ^aWilson, David,^d1950 Aug. 25-
700 1  ^aWong, Donna L.,^d1948-2008.
945    ^p2656^l0^i034263
999    ^aเกษร โพธิ์สุวรรณ
รายการนี้ยังไม่มีแท็ก
คุณยังไม่ได้ล็อกอิน คุณสามารถมีกิจกรรมร่วมกับเว็บไซต์ได้ แต่ต้องล็อกอินก่อน ::
  ล็อกอิน

รายการสื่อสารสนเทศ

ลำดับที่ ประเภท เลขเรียก/บาร์โค้ด สถานที่ สถานะ
1. Book การพยาบาล
Book การพยาบาล
WY159 W837  
  Barcode: 034263
ห้องสมุดวิทยาเขตสวรรค์ประชารักษ์
►หนังสือทั่วไป
บนชั้น

รายการใกล้เคียง
    หัวเรื่อง [Pediatric nursing.]

BibComment


ยังไม่เคยถูกคอมเมนท์

คอมเมนท์ทรัพยากรรายการนี้
  คอมเมนท์: Wongs nursing ca..


 Copyright 2026. Bcnsprnw @Library